Communist Countries During the Cold War - Statistics

General Stats
  • This quiz has been taken 212 times
  • The average score is 11 of 13
Answer Stats
Answer % Correct
Soviet Union
100%
China
91%
Poland
91%
North Korea
89%
North Vietnam
89%
Romania
87%
Czechoslovakia
85%
Hungary
85%
Bulgaria
84%
Cuba
83%
Albania
78%
East Germany
75%
Mongolia
61%
No matching quizzes found
Score Distribution
Percent of People with Each Score
Percentile by Number Answered
Your Score History
You have not taken this quiz